Commercial Application Development Using:ORACLE DEVELOPER 2000 FORMS 6i (Record no. 189)

MARC details
000 -LEADER
fixed length control field 00470nam a22001697a 4500
005 - DATE AND TIME OF LATEST TRANSACTION
control field 20180208114702.0
008 - FIXED-LENGTH DATA ELEMENTS--GENERAL INFORMATION
fixed length control field 160428b xxu||||| |||| 00| 0 eng d
020 ## - INTERNATIONAL STANDARD BOOK NUMBER
ISBN 81-7656742-6
041 ## - LANGUAGE CODE
Language code of text/sound track or separate title eng
082 ## - DEWEY DECIMAL CLASSIFICATION NUMBER
Item number 00656
Classification number 005.7585
100 ## - MAIN ENTRY--AUTHOR NAME
Personal name Bayross, Ivan
245 ## - TITLE STATEMENT
Title Commercial Application Development Using:ORACLE DEVELOPER 2000 FORMS 6i
260 ## - PUBLICATION, DISTRIBUTION, ETC. (IMPRINT)
Place of publication New Delhi
Name of publisher BPB Publishing,
Year of publication 2003
300 ## - PHYSICAL DESCRIPTION
Number of Pages 545
650 ## - SUBJECT ADDED ENTRY--TOPICAL TERM
Topical Term Information Technology
942 ## - ADDED ENTRY ELEMENTS (KOHA)
Koha item type Books
Holdings
Lost status Damaged status Collection code Home library Current library Shelving location Date acquired Cost, normal purchase price Full call number Accession Number Koha item type
    CS/IT JRU Library JRU Library SHELF-53-E 28/04/2016 270.00 005.7585 00656 Books
    CS/IT JRU Library JRU Library SHELF-53-E 28/04/2016 270.00 005.7585 00657 Books
    CS/IT JRU Library JRU Library SHELF-53-E 28/04/2016 270.00 005.7585 00658 Books
    CS/IT JRU Library JRU Library SHELF-53-E 28/04/2016 270.00 005.7585 00659 Books